|
|
|
|
| LEADER |
00668cam a2200193 7i4500 |
| 001 |
0000049113 |
| 005 |
20170223090000.0 |
| 020 |
|
|
|a 1856045463 (hbk.)
|
| 020 |
|
|
|a 9781856045469 (hbk.)
|
| 090 |
0 |
0 |
|a HD30.37
|b .P67 2006
|
| 245 |
0 |
0 |
|a Portals :
|b people, processes and technology
|c edited by Andrew Cox.
|
| 260 |
|
|
|a London:
|b Facet Publishing,
|c 2006.
|
| 300 |
|
|
|a vi, 249 p.:
|b ill.;
|c 25 cm.
|
| 650 |
0 |
0 |
|a Web portals
|
| 700 |
1 |
|
|a Cox, Andrew
|
| 997 |
|
|
|a Communication, Visual Art & Computing, Faculty
|b Communication, Department
|
| 998 |
|
|
|a Library Science, Degree
|
| 998 |
|
|
|a Library Science, Diploma
|
| 999 |
|
|
|a 0000058044
|b BOK
|c OPEN SHELF
|e 1st Floor, Bestari Jaya
|